30% bệnh nhân viêm bể thận mãn bị suy thận /

保存先:
書誌詳細
第一著者: Thu Lý.
フォーマット: 論文
言語:Vietnamese
主題:
タグ: タグ追加
タグなし, このレコードへの初めてのタグを付けませんか!
Thư viện lưu trữ: Thư viện Trường Đại học Đà Lạt
LEADER 00717nam a2200265 4500
001 DLU120141193
005 ##20120924
040 # # |a DLU  |b vie 
041 # # |a vie 
044 # # |a vn 
100 # # |a Thu Lý. 
245 # # |a 30% bệnh nhân viêm bể thận mãn bị suy thận /  |c Thu Lý. 
653 # # |a Điều trị 
653 # # |a Bệnh lí 
653 # # |a Bệnh thận 
773 # # |t Gia đình và trẻ em  |g Số 14, 2011, tr. 42 
920 # # |a Phòng Tạp chí -- Trung tâm Thông tin - Thư viện Trường Đại học Đà Lạt 
994 # # |a DLU 
900 # # |a True 
911 # # |a Nguyễn Thị Linh Chi 
925 # # |a G 
926 # # |a A 
927 # # |a BB 
980 # # |a Thư viện Trường Đại học Đà Lạt